MAASAI MARA UNIVERSITY

LIBRARY CATALOGUE

Contact Us: +254 020 2685356/7 or 0774 057787

Box: 861-20500, NAROK, KENYA

Email: info@mmarau.ac.ke

Nature's matrix : (Record no. 33053)

MARC details
000 -LEADER
fixed length control field 01250nam a22002897a 4500
003 - CONTROL NUMBER IDENTIFIER
control field OSt
005 - DATE AND TIME OF LATEST TRANSACTION
control field 20240917142537.0
008 - FIXED-LENGTH DATA ELEMENTS--GENERAL INFORMATION
fixed length control field 240917b |||||||| |||| 00| 0 eng d
020 ## - INTERNATIONAL STANDARD BOOK NUMBER
International Standard Book Number 9781844077816 (hbk.)
020 ## - INTERNATIONAL STANDARD BOOK NUMBER
International Standard Book Number 9781844077823 (pbk.)
035 ## - SYSTEM CONTROL NUMBER
System control number (OCoLC)ocn317824545
040 ## - CATALOGING SOURCE
Original cataloging agency MMU
Transcribing agency MMU
Modifying agency MMU
Language of cataloging eng
042 ## - AUTHENTICATION CODE
Authentication code pcc
050 00 - LIBRARY OF CONGRESS CALL NUMBER
Classification number S 589.7 .P47 2009
100 1# - MAIN ENTRY--PERSONAL NAME
Personal name Perfecto, Ivette.
9 (RLIN) 1848
245 10 - TITLE STATEMENT
Title Nature's matrix :
Remainder of title linking agriculture, conservation and food sovereignty /
Statement of responsibility, etc. Ivette Perfecto, John Vandermeer and Angus Wright.
260 ## - PUBLICATION, DISTRIBUTION, ETC. (IMPRINT)
Place of publication, distribution, etc. London ;
-- Sterling, VA :
Name of publisher, distributor, etc. Earthscan,
Date of publication, distribution, etc. 2009.
300 ## - PHYSICAL DESCRIPTION
Extent x, 242 p. :
Other physical details ill., maps ;
Dimensions 24 cm.
504 ## - BIBLIOGRAPHY, ETC. NOTE
Bibliography, etc Includes bibliographical references and index.
505 0# - FORMATTED CONTENTS NOTE
Formatted contents note Matrix matters: an overview -- The ecological argument -- The agricultural matrix -- The broad social context for understanding biodiversity, conservation and agriculture -- Coffee, cacao and food crops: case studies of agriculture and biodiversity -- The new paradigm.
650 #0 - SUBJECT ADDED ENTRY--TOPICAL TERM
Topical term or geographic name as entry element Agricultural ecology.
9 (RLIN) 1849
650 #0 - SUBJECT ADDED ENTRY--TOPICAL TERM
Topical term or geographic name as entry element Agrobiodiversity conservation.
9 (RLIN) 1850
650 #0 - SUBJECT ADDED ENTRY--TOPICAL TERM
Topical term or geographic name as entry element Food sovereignty.
9 (RLIN) 1851
700 1# - ADDED ENTRY--PERSONAL NAME
Personal name Vandermeer, John H.
9 (RLIN) 1852
700 1# - ADDED ENTRY--PERSONAL NAME
Personal name Wright, Angus Lindsay.
9 (RLIN) 1853
942 ## - ADDED ENTRY ELEMENTS (KOHA)
Source of classification or shelving scheme Library of Congress Classification
Koha item type L
Holdings
Withdrawn status Lost status Source of classification or shelving scheme Damaged status Not for loan Home library Current library Date acquired Source of acquisition Coded location qualifier Total Checkouts Full call number Barcode Date last seen Price effective from Koha item type
    Library of Congress Classification     Maasai Mara University Library -Main Campus Maasai Mara University Library -Main Campus 09/17/2024 Purchased 4450.00   S 589.7 .P47 209 24040036 09/17/2024 09/17/2024 L
© 2016 Maasai Mara University.